000 00356nam a22001337a 4500
008 260211b ||||| |||| 00| 0 eng d
020 _a9788858341247
041 _aital
080 _80.3
_a0.03
100 _a20
101 _aital
245 _ail Celi 1 Dell universita per stranieri di Perugia
_cDaniela Alessandroni ., Roberta Rodoni
942 _2lcc
_cBK
999 _c60785
_d60785